Statistics for Cities from Literal Meaning

Click here to take the quiz!

General Stats

  • This quiz has been taken 106 times
  • The average score is 19 of 30

Answer Stats

LanguageLiteral MeaningCity% Correct
JapaneseEastern CapitalTokyo
98%
KoreanCapital CitySeoul
97%
ChineseNorthern CapitalBeijing
96%
IcelandicSmoky BayReykjavík
90%
JapaneseCapital CityKyoto
85%
DanishMerchant's HarbourCopenhagen
83%
VietnameseRiver InteriorHanoi
83%
PortugueseRiver of JanuaryRio de Janeiro
83%
UrduAbode of IslamIslamabad
82%
MongolianThe Red HeroUlaanbaatar
80%
KazakhCapital CityAstana
79%
ChineseFragrant HarbourHong Kong
77%
SerbianWhite CityBelgrade
74%
SpanishFair Winds/Good AirBuenos Aires
72%
ChineseSouthern CapitalNanjing
70%
RussianRule of the EastVladivostok
64%
MontenegrinUnder the Small HillPodgorica
63%
PortugueseBeautiful HorizonBelo Horizonte
57%
BurmeseRoyal Capital/Abode of the KingNaypyidaw
57%
KoreanCauldron MountainBusan
55%
Middle FrenchMount RoyalMontreal
54%
PortugueseNew PortPorto-Novo
52%
AmharicNew FlowerAddis Ababa
50%
PortugueseJoyful HarbourPorto Alegre
50%
ChineseWestern PeaceXi'an
49%
ThaiNew CityChiangmai
24%
BambaraCrocodile River/TailBamako
17%
ArabicThe IslandsAlgiers
16%
GreekWhite CityNicosia
16%
FonBy the River of DeathCotonou
10%

Score Distribution

Percentile by Number Answered

Percent of People with Each Score

Your Score History

You have not taken this quiz